{"text_format":"3","workbook":"xlsx","n_sheets":1,"sheets":["Протокол ШЭ ВОШ по предмету"],"not_rendered":{"defined_names":1},"read":"whole","date_system":"1900"}

{"sheet":"Протокол ШЭ ВОШ по предмету","index":0,"n_rows":43,"n_cols":12,"rows_kept":43}
["№","Дата рождения","Пол","Участник с ОВЗ (да/нет)","Класс обучения","Класс участия","Балл","Максимальный балл","Статус","Призёр муниципального этапа прошлого года","ФИО учителя","Место работы учителя"]
[1,"2011-01-17","ж","нет",5,5,13,80,"победитель","нет","Арисова Альбина Александровна","Муниципальное автономное общеобразовательное учреждение \"Средняя общеобразовательная школа №55\" г.Набережные Челны Республики Татарстан"]
[2,"2011-03-31","ж","нет",5,5,8,80,"призер","нет","Арисова Альбина Александровна","Муниципальное автономное общеобразовательное учреждение \"Средняя общеобразовательная школа №55\" г.Набережные Челны Республики Татарстан"]
[3,"2011-05-07","ж","нет",5,5,3,80,"участник","нет","Арисова Альбина Александровна","Муниципальное автономное общеобразовательное учреждение \"Средняя общеобразовательная школа №55\" г.Набережные Челны Республики Татарстан"]
[4,"2011-04-12","ж","нет",5,5,3,80,"участник","нет","Арисова Альбина Александровна","Муниципальное автономное общеобразовательное учреждение \"Средняя общеобразовательная школа №55\" г.Набережные Челны Республики Татарстан"]
[5,"2009-11-18","м","нет",6,6,15,75,"победитель","нет","Арисова Альбина Александровна","Муниципальное автономное общеобразовательное учреждение \"Средняя общеобразовательная школа №55\" г.Набережные Челны Республики Татарстан"]
[6,"2010-06-11","м","нет",6,6,9,75,"участник","нет","Арисова Альбина Александровна","Муниципальное автономное общеобразовательное учреждение \"Средняя общеобразовательная школа №55\" г.Набережные Челны Республики Татарстан"]
[7,"2009-10-10","м","нет",6,6,11,75,"призер","нет","Арисова Альбина Александровна","Муниципальное автономное общеобразовательное учреждение \"Средняя общеобразовательная школа №55\" г.Набережные Челны Республики Татарстан"]
[1,"2009-12-17","м","нет",7,"7",24,75,"победитель","нет","Арисова Альбина Александровна","Муниципальное автономное общеобразовательное учреждение \"Средняя общеобразовательная школа №55\" г.Набережные Челны Республики Татарстан"]
[2,"2008-11-02","м","нет",7,"7",21,75,"призер ","нет","Арисова Альбина Александровна","Муниципальное автономное общеобразовательное учреждение \"Средняя общеобразовательная школа №55\" г.Набережные Челны Республики Татарстан"]
[3,"2009-08-28","м","нет",7,"7",1.5,75,"участник ","нет","Арисова Альбина Александровна","Муниципальное автономное общеобразовательное учреждение \"Средняя общеобразовательная школа №55\" г.Набережные Челны Республики Татарстан"]
[4,"2008-11-17","м","нет",7,"7",24,75,"победитель","нет","Арисова Альбина Александровна","Муниципальное автономное общеобразовательное учреждение \"Средняя общеобразовательная школа №55\" г.Набережные Челны Республики Татарстан"]
[5,"2009-05-05","м","нет",7,"7",7,75,"Участник","нет","Арисова Альбина Александровна","Муниципальное автономное общеобразовательное учреждение \"Средняя общеобразовательная школа №55\" г.Набережные Челны Республики Татарстан"]
[6,"2009-11-26","м","нет",7,"7",15,75,"Участник","нет","Арисова Альбина Александровна","Муниципальное автономное общеобразовательное учреждение \"Средняя общеобразовательная школа №55\" г.Набережные Челны Республики Татарстан"]
[7,"2009-02-17","м","нет",7,"7",14,75,"Участник","нет","Арисова Альбина Александровна","Муниципальное автономное общеобразовательное учреждение \"Средняя общеобразовательная школа №55\" г.Набережные Челны Республики Татарстан"]
[8,"2009-04-29","ж","нет",7,"7",10,75,"Участник","нет","Арисова Альбина Александровна","Муниципальное автономное общеобразовательное учреждение \"Средняя общеобразовательная школа №55\" г.Набережные Челны Республики Татарстан"]
[9,"2009-08-05","м","нет",7,"7",12,75,"Участник","нет","Арисова Альбина Александровна","Муниципальное автономное общеобразовательное учреждение \"Средняя общеобразовательная школа №55\" г.Набережные Челны Республики Татарстан"]
[null,"2009-01-11","ж","нет",7,"7",16,75,"Участник","нет","Арисова Альбина Александровна","Муниципальное автономное общеобразовательное учреждение \"Средняя общеобразовательная школа №55\" г.Набережные Челны Республики Татарстан"]
[10,"2008-05-14","ж","нет",8,8,21.5,100,"призер","нет","Арисова Альбина Александровна","Муниципальное автономное общеобразовательное учреждение \"Средняя общеобразовательная школа №55\" г.Набережные Челны Республики Татарстан"]
[11,"2008-10-04","ж","нет",8,8,13,100,"Участник","нет","Арисова Альбина Александровна","Муниципальное автономное общеобразовательное учреждение \"Средняя общеобразовательная школа №55\" г.Набережные Челны Республики Татарстан"]
[12,"2008-06-18","ж","нет",8,8,18,100,"Участник","нет","Арисова Альбина Александровна","Муниципальное автономное общеобразовательное учреждение \"Средняя общеобразовательная школа №55\" г.Набережные Челны Республики Татарстан"]
[13,"2008-03-06","ж","нет",8,8,5.5,100,"Участник","нет","Арисова Альбина Александровна","Муниципальное автономное общеобразовательное учреждение \"Средняя общеобразовательная школа №55\" г.Набережные Челны Республики Татарстан"]
[14,"2008-09-24","м","нет",8,8,20,100,"участник","нет","Арисова Альбина Александровна","Муниципальное автономное общеобразовательное учреждение \"Средняя общеобразовательная школа №55\" г.Набережные Челны Республики Татарстан"]
[16,"2007-11-04","м","нет",8,8,19,100,"Участник","нет","Арисова Альбина Александровна","Муниципальное автономное общеобразовательное учреждение \"Средняя общеобразовательная школа №55\" г.Набережные Челны Республики Татарстан"]
[17,"2008-08-01","ж","нет",8,8,17,100,"участник","нет","Арисова Альбина Александровна","Муниципальное автономное общеобразовательное учреждение \"Средняя общеобразовательная школа №55\" г.Набережные Челны Республики Татарстан"]
[18,"2008-05-21","м","нет",8,8,24.5,100,"Победитель","нет","Арисова Альбина Александровна","Муниципальное автономное общеобразовательное учреждение \"Средняя общеобразовательная школа №55\" г.Набережные Челны Республики Татарстан"]
[19,"2008-04-11","м","нет",8,8,19,100,"Участник","нет","Арисова Альбина Александровна","Муниципальное автономное общеобразовательное учреждение \"Средняя общеобразовательная школа №55\" г.Набережные Челны Республики Татарстан"]
[20,"2008-07-26","ж","нет",8,8,14.5,100,"Участник","нет","Арисова Альбина Александровна","Муниципальное автономное общеобразовательное учреждение \"Средняя общеобразовательная школа №55\" г.Набережные Челны Республики Татарстан"]
[21,"2008-02-20","м","нет",8,8,6.5,100,"Участник","нет","Арисова Альбина Александровна","Муниципальное автономное общеобразовательное учреждение \"Средняя общеобразовательная школа №55\" г.Набережные Челны Республики Татарстан"]
[23,"2007-03-16","м","нет",9,9,10,100,"Победитель","нет","Арисова Альбина Александровна","Муниципальное автономное общеобразовательное учреждение \"Средняя общеобразовательная школа №55\" г.Набережные Челны Республики Татарстан"]
[24,"2007-10-25","м","нет",9,9,9.5,100,"Участник","нет","Арисова Альбина Александровна","Муниципальное автономное общеобразовательное учреждение \"Средняя общеобразовательная школа №55\" г.Набережные Челны Республики Татарстан"]
[26,"2007-08-21","ж","нет",9,9,9,100,"Призер","нет","Арисова Альбина Александровна","Муниципальное автономное общеобразовательное учреждение \"Средняя общеобразовательная школа №55\" г.Набережные Челны Республики Татарстан"]
[27,"2007-07-24","ж","нет",9,9,11,100,"Участник","нет","Арисова Альбина Александровна","Муниципальное автономное общеобразовательное учреждение \"Средняя общеобразовательная школа №55\" г.Набережные Челны Республики Татарстан"]
[28,"2007-07-10","м","нет",9,9,0,100,"Участник","нет","Арисова Альбина Александровна","Муниципальное автономное общеобразовательное учреждение \"Средняя общеобразовательная школа №55\" г.Набережные Челны Республики Татарстан"]
[29,"2006-10-12","м","нет",9,9,18,100,"Победитель ","нет","Арисова Альбина Александровна","Муниципальное автономное общеобразовательное учреждение \"Средняя общеобразовательная школа №55\" г.Набережные Челны Республики Татарстан"]
[null,"2007-03-17","ж","нет",9,9,4.5,100,"Участник","нет","Арисова Альбина Александровна","Муниципальное автономное общеобразовательное учреждение \"Средняя общеобразовательная школа №55\" г.Набережные Челны Республики Татарстан"]
[30,"2007-05-04","ж","нет",9,9,18,100,"Победитель","нет","Арисова Альбина Александровна","Муниципальное автономное общеобразовательное учреждение \"Средняя общеобразовательная школа №55\" г.Набережные Челны Республики Татарстан"]
[31,"2006-03-25","м","нет",10,10,30,100,"Победитель","нет","Арисова Альбина Александровна","Муниципальное автономное общеобразовательное учреждение \"Средняя общеобразовательная школа №55\" г.Набережные Челны Республики Татарстан"]
[32,"2006-05-11","м","нет",10,10,3,100,"Участник","нет","Арисова Альбина Александровна","Муниципальное автономное общеобразовательное учреждение \"Средняя общеобразовательная школа №55\" г.Набережные Челны Республики Татарстан"]
[33,"2006-10-11","м","нет",10,10,20,100,"Призер","нет","Арисова Альбина Александровна","Муниципальное автономное общеобразовательное учреждение \"Средняя общеобразовательная школа №55\" г.Набережные Челны Республики Татарстан"]
[34,"2006-01-15","м","нет",10,10,24,100,"Призер","нет","Арисова Альбина Александровна","Муниципальное автономное общеобразовательное учреждение \"Средняя общеобразовательная школа №55\" г.Набережные Челны Республики Татарстан"]
[35,"2005-09-01","м","нет",11,11,18,100,"Призер","нет","Арисова Альбина Александровна","Муниципальное автономное общеобразовательное учреждение \"Средняя общеобразовательная школа №55\" г.Набережные Челны Республики Татарстан"]
[36,"2005-03-09","м","нет",11,11,12,100,"Победитель","нет","Арисова Альбина Александровна","Муниципальное автономное общеобразовательное учреждение \"Средняя общеобразовательная школа №55\" г.Набережные Челны Республики Татарстан"]